书目信息 |
| 题名: |
Delphi 4.0入门与提高
|
|
| 作者: | 郑小军 , 匡远奇 编著 | |
| 分册: | ||
| 出版信息: | 北京 人民邮电出版社 1998.11 |
|
| 页数: | 240页 | |
| 开本: | 26cm | |
| 丛书名: | ||
| 单 册: | ||
| 中图分类: | TP312 | |
| 科图分类: | ||
| 主题词: | 软件 | |
| 电子资源: | ||
| ISBN: | 7-115-07264-7 | |
| 000 | 00586nam0 2200193 45 | |
| 001 | 2431394845 | |
| 005 | 20240627084515.59 | |
| 010 | @a7-115-07264-7@d21.00元 | |
| 100 | @a20000928d1998 km y0chiy0120 ea | |
| 101 | 0 | @achi |
| 200 | 1 | @aDelphi 4.0入门与提高@ADelphi 4.0 Ru Men Yu Ti Gao@f郑小军,匡远奇编著@FZheng Xiao Jun,Kuang Yuan Qi Bian Zhu |
| 210 | @a北京@c人民邮电出版社@d1998.11 | |
| 215 | @a240页@d26cm | |
| 606 | 0 | @a软件 |
| 690 | @aTP312@v3 | |
| 701 | 0 | @a郑小军@4编著 |
| 701 | 0 | @a匡远奇@4编著 |
| 801 | @aCN@b河南城建学院图书馆@c20000928 | |
| 905 | @b158260-264@dTP312@eZH360@f5 | |
| Delphi 4.0入门与提高/郑小军,匡远奇编著.-北京:人民邮电出版社,1998.11 |
| 240页;26cm |
| ISBN 7-115-07264-7:21.00元 |
| ● |
| 相关链接 |
|
|
|
正题名:Delphi 4.0入门与提高
索取号:TP312/ZH360
 
预约/预借
| 序号 | 登录号 | 条形码 | 馆藏地/架位号 | 状态 | 备注 |
| 1 | 1552861 | 215528613 | 期刊室512/301自科库 47排5列2层/ [索取号:TP312/ZH360] | 在馆 |